ARRUPE JESUIT UNIVERSITY

CORONAVIRUS -STOP THE SPREAD - CLEAN,DISINFECT,COVER

Science in traditional China : (Record no. 123008)

MARC details
000 -LEADER
fixed length control field 00830cam a2200265 a 4500
001 - CONTROL NUMBER
control field 4678652
003 - CONTROL NUMBER IDENTIFIER
control field ARRUPE
005 - DATE AND TIME OF LATEST TRANSACTION
control field 20150717140111.0
008 - FIXED-LENGTH DATA ELEMENTS--GENERAL INFORMATION
fixed length control field 810818s1981 maua b 000 0 eng
010 ## - LIBRARY OF CONGRESS CONTROL NUMBER
LC control number 81006962
020 ## - INTERNATIONAL STANDARD BOOK NUMBER
International Standard Book Number 0674794389
020 ## - INTERNATIONAL STANDARD BOOK NUMBER
International Standard Book Number 0674794397 (pbk.)
040 ## - CATALOGING SOURCE
Original cataloging agency DLC
Transcribing agency DLC
Modifying agency DLC
043 ## - GEOGRAPHIC AREA CODE
Geographic area code a-cc---
050 00 - LIBRARY OF CONGRESS CALL NUMBER
Classification number Q127.C5
Item number N46 1981
082 00 - DEWEY DECIMAL CLASSIFICATION NUMBER
Classification number 509.51
Edition number 19
300 ## - PHYSICAL DESCRIPTION
Other physical details ill. ;
Dimensions 24 cm.
100 1# - MAIN ENTRY--PERSONAL NAME
Personal name Needham, Joseph,
Dates associated with a name 1900-1995.
9 (RLIN) 18340
245 10 - TITLE STATEMENT
Title Science in traditional China :
Remainder of title a comparative perspective /
Statement of responsibility, etc Joseph Needham.
260 ## - PUBLICATION, DISTRIBUTION, ETC. (IMPRINT)
Place of publication, distribution, etc Cambridge, Mass. :
Name of publisher, distributor, etc Harvard University Press,
Date of publication, distribution, etc 1981.
300 ## - PHYSICAL DESCRIPTION
Extent x, 134 p. :
504 ## - BIBLIOGRAPHY, ETC. NOTE
Bibliography, etc Includes bibliographical references.
650 #0 - SUBJECT ADDED ENTRY--TOPICAL TERM
Topical term or geographic name as entry element Science
Geographic subdivision China
General subdivision History.
9 (RLIN) 18341
906 ## - LOCAL DATA ELEMENT F, LDF (RLIN)
a 7
b cbc
c orignew
d 1
e ocip
f 19
g y-gencatlg
942 ## - ADDED ENTRY ELEMENTS (KOHA)
Source of classification or shelving scheme Library of Congress Classification
Koha item type Monograph ( Printed materials)
Holdings
Withdrawn status Lost status Source of classification or shelving scheme Damaged status Not for loan Collection code Home library Current library Shelving location Date acquired Total Checkouts Full call number Barcode Date last seen Price effective from Koha item type
    Library of Congress Classification     Main Collection ARRUPE LIBRARY ARRUPE LIBRARY Main Collection 17/07/2015   Q127.C5N46 1981 46500004547 03/07/2019 17/07/2015 Monograph ( Printed materials)

 

Arrupe Library. PO Box MP320 Mt Pleasant, Harare, Zimbabwe
263 242 745411|librarian@aju.ac.zw